Normal view
MARC view
Entry Término temático
001 - NÚMERO DE CONTROL
- campo de control: 11275
003 - IDENTIFICADOR DEL NÚMERO DE CONTROL
- campo de control: OSt
005 - FECHA Y HORA DE LA ÚLTIMA TRANSACCIÓN
- campo de control: 20200615032325.0
008 - DATOS DE LONGITUD FIJA
- campo de control de longitud fija: 200615|| aca||aabn | a|a d
040 ## - FUENTE DE LA CATALOGACIÓN
- Centro catalogador/agencia de origen: OSt
- Centro/agencia transcriptor: OSt
150 ## - ENCABEZAMIENTO--TÉRMINO DE MATERIA
- Término de materia o nombre geográfico como elemento de entrada: DERECHO COLONIAL ESPAÑOL
- Subdivisión geográfica: AMÉRICA
- Subdivisión de forma: CONGRESOS CONFERENCIAS, ETC
670 ## - FUENTE DE DATOS ENCONTRADOS
- Cita de la fuente: Work cat.: (OSt)3505: Congreso Internacional de Historia del Derecho Indiano (12 : 1998 : Toledo, ESpaña) 11274, Derecho y administración pública en las indias hispánicas :, 2002.
